000
00289nam a2200121Ia 4500
008
220204s9999 xx 000 0 und d
082
_a
327
_b
MIS
100
_a
Beal, R S
245
0
_a
International relations theory
260
_a
Bombay
_b
Vikas
_c
1980
700
_a
Misra, K P
942
_c
BK
999
_c
35865
_d
35865